[Event "ARG-ch U2000"]
[Site "Tacuari"]
[Date "2018.11.17"]
[Round "4"]
[White "Soto, Carlos Dario"]
[Black "Iborra, Diego"]
[Result "0-1"]
[WhiteElo "1861"]
[BlackElo "1951"]
[PlyCount "80"]
[EventDate "2018.11.16"]
[EventType "swiss"]
[EventRounds "8"]
[EventCountry "ARG"]
[SourceTitle "EXT 2020"]
[Source "ChessBase"]
[SourceDate "2019.10.17"]
[SourceVersion "1"]
[SourceVersionDate "2019.10.17"]
[SourceQuality "1"]

1. d4 f5 2. Nf3 Nf6 3. Bf4 e6 4. e3 c5 5. c4 cxd4 6. exd4 Bb4+ 7. Nbd2 0-0 8. a3 Bxd2+ 9. Nxd2 Qb6 10. Nb3 d5 11. c5 Qd8 12. Nd2 Nc6 13. Nf3 a5 14. Bb5 Bd7 15. 0-0 Ne4 16. Bxc6 Bxc6 17. Ne5 Bb5 18. Nd3 a4 19. f3 Ng5 20. Re1 Re8 21. b4 Nf7 22. Ne5 g5 23. Nxf7 Kxf7 24. Be5 h5 25. g4 hxg4 26. fxg4 Kg6 27. gxf5+ exf5 28. Re3 g4 29. Rg3 Qh4 30. Ra2 Rxe5 31. dxe5 Rf8 32. Qxd5 Bc6 33. Qe6+ Kh5 34. Qd6 Rd8 35. e6 Rxd6 36. cxd6 f4 37. d7 fxg3 38. Rd2 g2 39. Re2 g3 40. Re5+ Kh6 0-1